OPAC Home

අබිරහස් දොස්තර (Record no. 42856)

MARC details
000 -LEADER
fixed length control field 00588nam a2200193Ia 4500
008 - FIXED-LENGTH DATA ELEMENTS--GENERAL INFORMATION
fixed length control field 120830t1986 xxu||||| |||| 00| 0 sin d
041 ## - LANGUAGE CODE
Language code of text/sound track or separate title Sinhala; Sinhalese
080 ## - UNIVERSAL DECIMAL CLASSIFICATION NUMBER
Universal Decimal Classification number 8 S. 03: 820-31
Item number 16]
942 ## - ADDED ENTRY ELEMENTS (KOHA)
Koha item type Books
003 - CONTROL NUMBER IDENTIFIER
control field LK-CoDNM
040 ## - CATALOGING SOURCE
Original cataloging agency LK-CoDNM
Modifying agency LK-CoDNM
Description conventions LK-CoDNM
100 ## - MAIN ENTRY--PERSONAL NAME
Personal name Stevanson,Robert Luvi
700 ## - ADDED ENTRY--PERSONAL NAME
Personal name Rathnayaka,Kamal
Relator term translater
245 ## - TITLE STATEMENT
Title අබිරහස් දොස්තර
246 ## - VARYING FORM OF TITLE
Title proper/short title Abirahas Dosthara
260 ## - PUBLICATION, DISTRIBUTION, ETC. (IMPRINT)
Place of publication, distribution, etc. Lake House Publishers
-- Colombo
Date of publication, distribution, etc. 1986
300 ## - PHYSICAL DESCRIPTION
Other physical details 83p, 21 cm
500 ## - GENERAL NOTE
General note Sinhalese Translation Of Robert Luvi Stevanson's of Dr.Jekyll And Mr.Hyde
Holdings
Withdrawn status Lost status Damaged status Not for loan Collection code Permanent Location Current Location Date acquired Full call number Barcode Koha item type
        Translation Library National Museum Colombo - Sri Lanka Library National Museum Colombo - Sri Lanka 2012-08-30 8 S. 03: 820-31 [16] P16550 Books
Copyright © 2023 Department of National Museum, Colombo 07, Sri Lanka Funded by UNESCO IFAP UNESCO